000 00421nam a2200181Ia 4500
001 1278
005 20260306140620.0
008 260306t1989||||xx |||||||||||||| ||spa||
041 _aESP
082 _a190
_bV53
100 _aVerneaux, Roger
_eAUT
245 0 _aHistoria de la filosofía moderna
260 _c1989
300 _a234 páginas :
_c22 cm.
650 _aGEN
654 _aCHU
942 _cLIB
_dJUS
_fJUS
_2ddc
_n
999 _c1278
_d1278